[Event "Finland Team Ch 2013-2014"]
[Site "Helsinki FIN"]
[Date "2013.09.21"]
[Round "1"]
[White "Heikkinen, Jyrki"]
[Black "Turtiainen, Janne"]
[Result "1-0"]
[Section "II Division:2"]
[Board "2"]
[WhiteTeam "Lauttasaaren Shakkikerho"]
[BlackTeam "Shakkikerho Meriratsut"]
[WhiteElo "2058"]
[BlackElo "1898"]

1.d4 Nf6 2.Nc3 d5 3.e4 dxe4 4.f3 exf3 5.Nxf3 Bg4 6.h3 Bh5 7.g4 Bg6
8.Ne5 e6 9.Qf3 c6 10.g5 Bh5 11.Qf2 Nfd7 12.Nd3 Be7 13.Nf4 Bg6 14.h4
Bf5 15.Nh5 O-O 16.Ng3 Re8 17.Be3 Qa5 18.O-O-O Bb4 19.Bd2 Nb6 20.a3 Bd6
21.Nxf5 (21.Nb5! Bxg3 22.Qxg3 Qa6 23.Nc7 Qa4 24.Bd3) Qxf5 22.Qg2 Nd5
23.Bd3 Nf4 24.Bxf4 Qxf4+ 25.Kb1 Nd7?? (25...Be7 26.Rhf1 Qc7 27.Qe4 g6
28.Rxf7! Kxf7 29.Rf1+ Bf6 30.gxf6 Nd7 31.Qe3 Nxf6 32.Ne4 {+-}) 26.Ne2
Qe3 27.Rh3 1-0

[Event "Finland Team Ch 2013-2014"]
[Site "Helsinki FIN"]
[Date "2013.09.21"]
[Round "1"]
[White "Virkamäki, Mikko"]
[Black "Vesely, Petr"]
[Result "0-1"]
[Section "II Division:2"]
[Board "3"]
[WhiteTeam "Shakkikerho Meriratsut"]
[BlackTeam "Lauttasaaren Shakkikerho"]
[WhiteElo "1875"]
[BlackElo "1985"]

1.d4 c5 2.d5 e5 3.c4 d6 4.Nc3 Ne7 5.e4 Ng6 6.Bd3 Be7 7.Nge2 O-O 8.O-O
Nd7 9.Be3 Nf6 10.f3 Bd7 11.Qd2 Nh4 12.a3 Nh5 13.g3 Ng6 14.Rab1 Bh3
15.Rf2 Nf6 16.b4 b6 17.Kh1 Rb8 18.Rg1 Bd7 19.Bg5 Ng4 20.Bxe7 Nxf2+
21.Kg2 Qxe7 22.Kxf2 Rb7 23.Nd1 f5 24.Kg2 Rc7 25.b5 Qf6 26.Rf1 Ne7
27.Nec3 f4 28.g4 h5 29.h3 Kf7 30.Nf2 Rh8 31.Ne2 Ng6 32.Ng1 Qh4 33.Nh1
hxg4 34.fxg4 Bxg4 35.Qf2 0-1

[Event "Finland Team Ch 2013-2014"]
[Site "Helsinki FIN"]
[Date "2013.09.21"]
[Round "1"]
[White "Lindholm, Arto"]
[Black "Ranta, Ari"]
[Result "1-0"]
[Section "II Division:2"]
[Board "4"]
[WhiteTeam "Lauttasaaren Shakkikerho"]
[BlackTeam "Shakkikerho Meriratsut"]
[WhiteElo "1967"]
[BlackElo "1832"]

1.d4 d5 2.Bf4 e6 3.e3 Bd6 4.Bg3 Bxg3 5.hxg3 Qd6 6.c3 Nf6 7.Bd3 b6
8.Nf3 Nbd7 9.Nbd2 e5 10.dxe5 Nxe5 11.Nxe5 Qxe5 12.Nf3 Qe7 13.Qc2 h6
14.O-O c5 15.Rfd1 O-O 16.Be2 Bb7 17.Nh2 Ne4 18.Bf3 f5 19.c4 Qe6 20.Be2
Rae8 21.cxd5 Bxd5 22.Rxd5 1-0

[Event "Finland Team Ch 2013-2014"]
[Site "Helsinki FIN"]
[Date "2013.09.21"]
[Round "1"]
[White "Huhtamäki, Heikki"]
[Black "Pystynen, Jarmo"]
[Result "0-1"]
[Section "II Division:2"]
[Board "5"]
[WhiteTeam "Shakkikerho Meriratsut"]
[BlackTeam "Lauttasaaren Shakkikerho"]
[WhiteElo "1739"]
[BlackElo "1966"]

1.d4 d5 2.c4 Nc6 3.Nf3 e5 4.dxe5 Bb4+ 5.Nc3 d4 6.a3 Bxc3+ 7.bxc3 dxc3
8.Qxd8+ Nxd8 9.e4 Bg4 10.Be2 Ne6 11.Be3 Ne7 12.Rc1 Nc6 13.Rxc3 O-O-O
14.O-O Rhe8 15.h3 Bxf3 16.Bxf3 Nxe5 17.Be2 Nc6 18.c5 Ned4 19.Bg4+ Kb8
20.Bxd4 Rxd4 21.Bf3 Red8 22.Rfc1 Ne5 23.Kf1 Rd2 24.R1c2 Rxc2 25.Rxc2
Rd3 26.Be2 Rxa3 27.f4 Ng6 28.f5 Ne5 29.Rd2 a5 30.Rb2 Ka7 31.Bb5 c6
32.Be2 Rc3 33.Ra2 Rxc5 34.Ke1 Kb6 35.Kd1 Rc3 36.Kd2 Rb3 37.Kc2 Rb4
38.Bf3 c5 39.Kc3 a4 40.Ra3 Ka5 41.Ra2 Rb3+ 42.Kc2 Kb4 43.Be2 b5 44.Kd2
c4 45.Bd1 Rg3 46.Kc1 a3 47.Kb1 Re3 48.Bc2 Re1+ 0-1

[Event "Finland Team Ch 2013-2014"]
[Site "Helsinki FIN"]
[Date "2013.09.21"]
[Round "1"]
[White "Piippo, Mikko"]
[Black "Louhi, Tapio"]
[Result "1-0"]
[Section "III Division:6"]
[Board "2"]
[WhiteTeam "Lauttasaaren Shakkikerho 2"]
[BlackTeam "Turun Työväen Shakki 3"]
[WhiteElo "1816"]
[BlackElo "1596"]

1.d4 d5 2.Nf3 Nf6 3.Bf4 Bf5 4.c4 c6 5.e3 e6 6.Qb3 Qa5 7.Nc3 Bb4 8.Rc1
Ne4 9.a3 Bxc3 10.bxc3 O-O 11.Be2 Nd7 12.O-O dxc4 13.Bxc4 b5 14.Be2 Bg4
15.Rfd1 Ndf6 16.h3 Bh5 17.Qb4 Qb6 18.c4 a5 19.Qb2 b4 20.c5 Qb7 21.axb4
axb4 22.g4 Bg6 23.Ne5 Nd5 24.Bh2 Nec3 25.Bc4 Nxd1 26.Rxd1 Ra3 27.Nxg6
fxg6 28.Bd6 Rfa8 29.Kh2 Rc3 30.Bf1 b3 31.Rb1 Rc2 32.Qxb3 Rxf2 33.Kg1
Qxb3 34.Rxb3 Rf3 35.Bg2 Rxe3 36.Bxd5 Re2 37.Kf1 Rd2 38.Bxe6 Kh8 39.Ke1
Rxd4 40.Kf2 h6 41.Bd7 Ra6 42.Ke3 Rda4 43.Be6 Ra8 44.Bd7 Ra3 45.Rxa3
Rxa3 46.Ke4 Rxh3 47.Bxc6 Rc3 48.Bd7 Kh7 49.c6 g5 50.c7 g6 51.c8=Q Rxc8
52.Bxc8 h5 53.gxh5 gxh5 54.Kf5 g4 55.Kg5 (55.Kf6!) Kg7 56.Kxh5 g3
57.Bxg3 Kf6 58.Bg4 Ke7 59.Kg6 Kd8 60.Kf6 Ke8 61.Bc7 Kf8 62.Bd7 Kg8
63.Kg6 Kf8 64.Bd6 Kg8 65.Be6 1-0

[Event "Finland Team Ch 2013-2014"]
[Site "Helsinki FIN"]
[Date "2013.09.21"]
[Round "1"]
[White "Stockfelt, Jesse"]
[Black "Heimonen, Arto"]
[Result "1/2-1/2"]
[Section "III Division:6"]
[Board "5"]
[WhiteTeam "Turun Työväen Shakki 3"]
[BlackTeam "Lauttasaaren Shakkikerho 2"]
[WhiteElo "1281"]
[BlackElo "1700"]

1.d4 Nf6 2.c4 e6 3.Nc3 Bb4 4.Qc2 O-O 5.Bd2 d5 6.e3 Bxc3 7.Bxc3 Ne4
8.Nf3 Nxc3 9.Qxc3 Nc6 10.Bd3 f5 11.O-O Qf6 12.a3 Qh6 13.c5 Rf6 14.Rac1
Rg6 15.b4 Qh3 16.g3 Rh6 17.Nh4 Qg4 18.f3 Qh5 19.Rf2 g5 20.Be2 gxh4
21.g4 Qg6 22.h3 Bd7 23.Rg2 Kh8 24.g5 Rg8 25.Bf1 Rh5 26.f4 Qg7 27.Qd2
Nd8 28.Qf2 a6 29.Be2 Qg6 30.Qf3 Be8 31.Kh2 h6 32.Rcg1 hxg5 33.Qf2 g4
34.hxg4 h3 35.Rg3 Rh6 36.gxf5 Qh7 37.Rxg8+ Qxg8 38.Rxg8+ Kxg8 39.Qg3+
Kh8 40.fxe6 Rg6 41.Qxh3+ Kg7 42.Bh5 Rh6 43.Bxe8 Rxh3+ 44.Kxh3 Nxe6
45.Kg4 Kf8 46.Bh5 Ke7 47.f5 Nd8 48.Kg5 Kf8 49.Kf4 Nc6 50.Bf3 Ne7 51.e4
dxe4 52.Bxe4 b6 53.cxb6 cxb6 54.d5 Nc8 55.Ke5 a5 56.bxa5 bxa5 57.Ke6
Na7 58.d6 Nb5 59.a4 Nd4+ 60.Kd5 Ne2 61.Kc4 Ke8 62.Kb5 Nc3+ 63.Kxa5
Nxe4 64.Kb5 Nxd6+ 65.Kb6 Nxf5 66.a5 Nd6 67.a6 Kd7 68.a7 Nc8+ 69.Kb7
Nxa7 70.Kxa7 1/2-1/2

[Event "Finland Team Ch 2013-2014"]
[Site "Tammisaari FIN"]
[Date "2013.09.21"]
[Round "1"]
[White "Enberg, Viktor"]
[Black "Koivusalo, Riku"]
[Result "1-0"]
[Section "III Division:5"]
[Board "2"]
[WhiteTeam "Ekenäs Schackklub"]
[BlackTeam "Lauttasaaren Shakkikerho 3"]
[WhiteElo "1800"]
[BlackElo "1623"]

1.e4 c5 2.Nf3 e6 3.d4 cxd4 4.Nxd4 a6 5.Nc3 Qc7 6.a3 Nf6 7.Be3 Be7
8.Be2 b5 9.Bf3 Bb7 10.e5 Ng8 11.Bxb7 Qxb7 12.Qg4 g6 13.O-O d5?
(13...f6 14.f4 Nc6 15.Nxc6) 14.Bg5? (14.exd6 Nf6) h5 15.Qh4 Bxg5
16.Qxg5 Nc6 17.Rad1 (17.Nce2 Nge7) Nxd4 18.Rxd4 Qe7 19.Qd2 Nh6 20.Rd1
Nf5 21.Rf4 Kf8 22.h3 Kg7 23.Rf3 (23.Re1 Rac8) Rab8 (23...Rac8 24.Rf4)
24.Na2 Qc7 25.Nb4 Rb6 26.Nd3 (26.Qf4 a5 27.Rc3 Qb7) Rc6 (26...Nd4
27.Rf4 Nxc2 28.Rf6) 27.c3 (27.Nb4 Rc4 28.Nxd5 Qxe5 29.Ne3 Rcc8) a5
(27...d4 28.cxd4 Nxd4 29.Rf6 Rd8 30.Qg5 Rc4) 28.Qg5 Qe7?? 29.Rxf5 1-0

[Event "Finland Team Ch 2013-2014"]
[Site "Tammisaari FIN"]
[Date "2013.09.21"]
[Round "1"]
[White "Stordell, Hannu"]
[Black "Willberg, Stig Olof"]
[Result "1/2-1/2"]
[Section "III Division:5"]
[Board "3"]
[WhiteTeam "Lauttasaaren Shakkikerho 3"]
[BlackTeam "Ekenäs Schackklub"]
[WhiteElo "1573"]
[BlackElo "1883"]

1.d4 Nf6 2.Nf3 d5 3.c4 c6 4.cxd5 cxd5 5.Nc3 Nc6 6.a3 e6 7.Bg5 Be7 8.e3
O-O 9.Bd3 h6 10.Bh4 Ne4 11.Bxe7 Nxc3 12.Bxd8 Nxd1 13.Rxd1 Rxd8 14.O-O
a6 15.Bb1 Bd7 16.Rc1 Rac8 17.Rc3 Na5 18.Rfc1 Rxc3 19.Rxc3 Rc8 20.Rxc8+
Bxc8 21.Nd2 Bd7 1/2-1/2

[Event "Finland Team Ch 2013-2014"]
[Site "Tammisaari FIN"]
[Date "2013.09.21"]
[Round "1"]
[White "Friman, Herman"]
[Black "Henttonen, Tero"]
[Result "0-1"]
[Section "III Division:5"]
[Board "4"]
[WhiteTeam "Ekenäs Schackklub"]
[BlackTeam "Lauttasaaren Shakkikerho 3"]
[WhiteElo "1697"]
[BlackElo "1572"]

1.e4 c5 2.Nf3 Nc6 3.d4 cxd4 4.Nxd4 e5 5.Nb3 Nf6 6.f3 d5 7.exd5 Nxd5
8.Bc4?? Qh4+ 9.g3 Qxc4 10.N1d2 Qa6 11.Ne4 Be6 12.Bd2 b6 13.c3 Be7
14.Qe2 Qxe2+ 15.Kxe2 f6 16.Rhd1 O-O 17.Rac1 Rac8 18.h4 f5 19.Nf2 Nf6
20.Bg5 Rfd8 21.Nd3 Bc4 22.Bxf6 Bxf6 23.Ke3 Rxd3+ 24.Rxd3 Bxd3 25.Kxd3
Rd8+ 26.Ke2 Kf7 27.Nd2 g5 28.h5 Ne7 29.g4 fxg4 30.fxg4 Nd5 31.Ne4 Nf4+
32.Ke1? Nd3+ 0-1

[Event "Finland Team Ch 2013-2014"]
[Site "Helsinki FIN"]
[Date "2013.10.12"]
[Round "2"]
[White "Heikkinen, Jyrki"]
[Black "Aaltio, Erkki"]
[Result "1-0"]
[Section "II Division:2"]
[Board "2"]
[WhiteTeam "Lauttasaaren Shakkikerho"]
[BlackTeam "Helsingin Shakkiklubi 3"]
[WhiteElo "2064"]
[BlackElo "2019"]

1.d4 Nf6 2.Nc3 d5 3.e4 dxe4 4.f3 exf3 5.Nxf3 Bg4 6.h3 Bxf3 7.Qxf3 c6
8.Be3 e6 9.Bd3 Nbd7 10.O-O Be7 11.g4 h6 12.Ne4 Qc7 13.Kg2 O-O-O 14.Bf4
Qb6 15.Nd6+ Bxd6 16.Bxd6 Qxd4?? (16...c5 17.dxc5 Nxc5 18.Be7 Rd7
19.Bxf6 gxf6 20.Qxf6 Rhd8 {=}) 17.Qxc6+ 1-0

[Event "Finland Team Ch 2013-2014"]
[Site "Helsinki FIN"]
[Date "2013.10.12"]
[Round "2"]
[White "Vesely, Petr"]
[Black "Koskinen, Matti"]
[Result "1/2-1/2"]
[Section "II Division:2"]
[Board "4"]
[WhiteTeam "Lauttasaaren Shakkikerho"]
[BlackTeam "Helsingin Shakkiklubi 3"]
[WhiteElo "1994"]
[BlackElo "1882"]

1.c4 e5 2.Nc3 d6 3.g3 Ne7 4.Bg2 Ng6 5.d4 Be7 6.Nf3 O-O 7.h4 exd4
8.Nxd4 Ne5 9.b3 c6 10.O-O Nbd7 11.Nf5 Nc5 12.Nxe7+ Qxe7 13.Qc2 h6
14.Ba3 f5 15.e3 Be6 16.Rad1 Rad8 17.Ne2 Qc7 18.Rd4 a5 19.Rfd1 b6 20.f3
Bc8 21.Qd2 Rf6 22.Bb2 Bb7 23.Nf4 g5 24.hxg5 hxg5 25.Nh5 Rh6 26.g4 d5
27.cxd5 cxd5 28.e4 fxg4 29.fxg4 Ne6 30.exd5 Nxd4 31.Bxd4 Nf7 1/2-1/2

[Event "Finland Team Ch 2013-2014"]
[Site "Helsinki FIN"]
[Date "2013.10.12"]
[Round "2"]
[White "Nummelin, Jukka"]
[Black "Pystynen, Jarmo"]
[Result "0-1"]
[Section "III Division:6"]
[Board "1"]
[WhiteTeam "Loimaan Shakkikerho 2"]
[BlackTeam "Lauttasaaren Shakkikerho 2"]
[WhiteElo "1600"]
[BlackElo "1971"]

1.e4 e5 2.Bc4 Nf6 3.Nc3 Bc5 4.h3 O-O 5.Nf3 d6 6.Be2 Nc6 7.a3 d5 8.exd5
Nxd5 9.Nxd5 Qxd5 10.d3 Bf5 11.O-O Rad8 12.b4 Bd4 13.Rb1 a6 14.Rb3 b5
15.Be3 Rfe8 16.Bg5 Rd6 17.Kh2 e4 18.Bf4 exf3 19.Bxf3 Qe6 20.Bxd6 Qxd6+
21.Kh1 Ne5 22.Qe2 Be6 23.Rbb1 Nxf3 24.Qxf3 Bd5 25.Qg4 Bc3 26.Kg1 Re6
27.g3 h5 28.Qh4 Rg6 29.Kh2 Bf3 30.Qf4 Qxf4 31.gxf4 Bd2 32.Rg1 Bxf4+
33.Rg3 h4 0-1

[Event "Finland Team Ch 2013-2014"]
[Site "Helsinki FIN"]
[Date "2013.10.12"]
[Round "2"]
[White "Havumäki, Asko"]
[Black "Piippo, Mikko"]
[Result "0-1"]
[Section "III Division:6"]
[Board "3"]
[WhiteTeam "Loimaan Shakkikerho 2"]
[BlackTeam "Lauttasaaren Shakkikerho 2"]
[WhiteElo "1465"]
[BlackElo "1824"]

1.Nf3 e6 2.c4 f5 3.Nc3 Nf6 4.g3 c6 5.Bg2 d5 6.cxd5 exd5 7.e3 Bd6 8.O-O
O-O 9.Re1 Nbd7 10.d4 Ne4 11.Re2 b6 12.Qb3 Ndf6 13.Nd2 Ba6 14.Ndxe4
fxe4 15.Rd2 Bc4 16.Qd1 Qe7 17.b3 Ba6 18.Bb2 Bc8 19.a4 Bg4 20.Qf1 Nh5
21.Ne2 g5 22.Bh3 Bf3 23.Bg2 Rac8 24.Rc2 Qd7 25.Ba3 Bxa3 26.Rxa3 Bxg2
27.Kxg2 Nf6 28.Ra1?? Ng4 29.Qg1 Rxf2+ 0-1

[Event "Finland Team Ch 2013-2014"]
[Site "Helsinki FIN"]
[Date "2013.10.12"]
[Round "2"]
[White "Lehtinen, Joose"]
[Black "Siikonen, Timo"]
[Result "1/2-1/2"]
[Section "III Division:6"]
[Board "5"]
[WhiteTeam "Loimaan Shakkikerho 2"]
[BlackTeam "Lauttasaaren Shakkikerho 2"]
[WhiteElo "1344"]
[BlackElo "1798"]

1.e4 e6 2.Nf3 d5 3.Nc3 dxe4 4.Nxe4 Be7 5.a3 Nf6 6.Nc3 O-O 7.g3 Nc6
8.Bg2 e5 9.O-O Bg4 10.h3 Bh5 11.g4 Bg6 12.Ne2 Re8 13.d4 exd4 14.Nfxd4
Nxd4 15.Nxd4 c6 16.c3 Qc7 17.f4 Be4 18.g5 Bxg2 19.Kxg2 Nd5 20.c4 Nb6
21.b3 Rad8 22.Bb2 c5 23.Nb5 Qc6+ 24.Qf3 Rd2+ 25.Rf2 Qxf3+ 26.Kxf3 Rd3+
27.Kg2 a6 28.Nc3 Bd6 29.Rd1 Rxd1 30.Nxd1 Kf8 31.Kg3 Re4 32.Bc1 Rd4
33.Nc3 f6 34.h4 fxg5 35.hxg5 Nc8 36.Nd5 Ne7 37.Nxe7 Kxe7 38.Bb2 Rd3+
39.Rf3 Rxf3+ 40.Kxf3 g6 41.Ke4 Ke6 42.Be5 Be7 43.Bc3 Bd6 44.b4 b5
45.cxb5 axb5 46.Bd2 Be7 47.Bc3 Bd6 1/2-1/2

[Event "Finland Team Ch 2013-2014"]
[Site "Karjaa FIN"]
[Date "2013.10.12"]
[Round "2"]
[White "Rautio, Reijo"]
[Black "Högberg, Toivo"]
[Result "1/2-1/2"]
[Section "III Division:5"]
[Board "1"]
[WhiteTeam "Lauttasaaren Shakkikerho 3"]
[BlackTeam "Karjaan Ura 2"]
[WhiteElo "1733"]
[BlackElo "1864"]

1.e4 e5 2.Nf3 Nc6 3.d4 Nxd4 4.Nxd4 exd4 5.Qxd4 d6 6.Be3 Nf6 7.Nc3 Be7
8.Be2 O-O 9.O-O-O Be6 10.f4 c5 11.Qa4 Qb6 12.Rhg1 a6 13.g4 Qc7 14.Nd5
Nxd5 15.exd5 b5 16.Qe4 Bc8 17.f5 Bf6 18.g5 Be5 19.f6 Re8 20.Kb1 Qd8
21.Bd3 g6 22.Qh4 Kh8 23.Qh6 Rg8 24.c3 1/2-1/2

[Event "Finland Team Ch 2013-2014"]
[Site "Karjaa FIN"]
[Date "2013.10.12"]
[Round "2"]
[White "Söderberg, Stefan"]
[Black "Heimonen, Arto"]
[Result "0-1"]
[Section "III Division:5"]
[Board "2"]
[WhiteTeam "Karjaan Ura 2"]
[BlackTeam "Lauttasaaren Shakkikerho 3"]
[WhiteElo "1847"]
[BlackElo "1683"]

1.Nf3 Nf6 2.g3 d5 3.Bg2 e6 4.d4 Nbd7 5.O-O Bd6 6.b3 O-O 7.Bb2 Ne4 8.c4
f5 9.e3 Qf6 10.c5 Be7 11.Qc2 c6 12.b4 Qh6 13.a4 g5 14.Bc1 g4 15.Ne5
Nxe5 16.dxe5 Bd7 17.Bb2 Kh8 18.Qe2 Ng5 19.Nd2 Rg8 20.Rfd1 Nh3+ 21.Kf1
Raf8 22.Nc4 Rg5 23.f4 gxf3 24.Bxf3 Be8 (24...f4! {-+}) 25.Nd6 Bh5 26.Rd4
Bxf3 27.Qxf3 Rh5 28.Rd2 Ng5 29.Qe2 Ne4 30.Nxe4 fxe4+ 31.Ke1 Rf3 32.Bd4
Bg5 33.Ra3 Be7 34.b5 Rhf5 35.Kd1 Qf8 36.bxc6 bxc6 37.Rb3 Rf2 38.Qa6
Rxd2+ 39.Kxd2 Rf2+ 40.Kc3 Bxc5 41.Qxc6 Bxd4+ 42.Kxd4 Rd2+ 43.Kc3 Rd3+
44.Kb2 Qf2+ 45.Ka3 Rxb3+ 46.Kxb3 Qxe3+ 47.Kb4 Qb6+ 48.Qxb6 axb6 49.g4
Kg7 50.h4 Kg6 51.Kc3 h6 52.Kd4 h5 53.Ke3 hxg4 54.Kf4 Kh5 0-1

[Event "Finland Team Ch 2013-2014"]
[Site "Karjaa FIN"]
[Date "2013.10.12"]
[Round "2"]
[White "Stordell, Hannu"]
[Black "Wikman, Bengt"]
[Result "1/2-1/2"]
[Section "III Division:5"]
[Board "3"]
[WhiteTeam "Lauttasaaren Shakkikerho 3"]
[BlackTeam "Karjaan Ura 2"]
[WhiteElo "1635"]
[BlackElo "1820"]

1.d4 Nf6 2.Nf3 d5 3.c4 c6 4.cxd5 cxd5 5.Nc3 e6 6.Bf4 a6 7.a3 b5 8.b4
Nbd7 9.e3 Nb6 10.Ne5 Nc4 11.Nd3 Be7 12.Nc5 Qb6 13.Be2 a5 14.O-O O-O
15.Bf3 axb4 16.axb4 Bb7 17.e4? Rxa1 (17...dxe4) 18.Qxa1 Ra8 19.Qb1
dxe4 20.N3xe4 Bxe4 21.Bxe4 Nxe4 22.Qxe4 Rd8 23.Ra1 Rc8 24.h3 Qd8
25.Ra7 Bd6?? 26.Bxd6? (26.Rxf7! {+-}) Nxd6 27.Qf4 Nf5 28.g4 Qxd4 29.Qf3
Nh6 30.Ra8 Rd8 31.Rxd8+ Qxd8 32.Qc6 g6 33.Qxb5 Qd1+ 34.Kg2 Qd5+ 35.Kg1
Qd1+ 36.Kg2 Qd5+ 37.Kg1 1/2-1/2

[Event "Finland Team Ch 2013-2014"]
[Site "Karjaa FIN"]
[Date "2013.10.12"]
[Round "2"]
[White "Ståhlberg, Erik"]
[Black "Henttonen, Tero"]
[Result "0-1"]
[Section "III Division:5"]
[Board "4"]
[WhiteTeam "Karjaan Ura 2"]
[BlackTeam "Lauttasaaren Shakkikerho 3"]
[WhiteElo "1746"]
[BlackElo "1602"]

1.e4 c5 2.Nf3 Nc6 3.d4 cxd4 4.Nxd4 e5 5.Nxc6 bxc6 6.Nc3 Nf6 7.Bd3 Be7
8.O-O O-O 9.Bg5 Bb7 10.Ne2 d5 11.Ng3 Nxe4 12.Bxe7 Qxe7 13.Nxe4 dxe4
14.Bxe4 Rad8 15.Qe2 f5 16.Bd3 g6 17.Rad1 e4 18.Bc4+ Kg7 19.Rxd8 Rxd8
20.Rd1 Rd7 21.h3 Qd8 22.Rxd7+ Qxd7 23.c3 Qd6 24.Bb3 c5 25.Qc4 Qe7
26.Qe6 Qxe6 27.Bxe6 Kf6 28.Bg8 h6 29.Kf1 Ke5 30.Ke2 a5 31.g3 g5 32.a3
a4 33.b4 axb3 34.Bxb3 h5 35.Bc4 h4 36.a4 f4 37.gxf4+ gxf4 38.Kd2 Kd6
39.a5 Bc8 40.a6 Kc6 41.a7 Bb7 42.Be6 Kb6 43.Bg4 Kxa7 44.c4 Kb6 45.Ke2
Ka5 46.f3 e3 0-1

[Event "Finland Team Ch 2013-2014"]
[Site "Karjaa FIN"]
[Date "2013.10.12"]
[Round "2"]
[White "Paasonen, Pasi"]
[Black "Vesanen, Mauno"]
[Result "0-1"]
[Section "III Division:5"]
[Board "5"]
[WhiteTeam "Lauttasaaren Shakkikerho 3"]
[BlackTeam "Karjaan Ura 2"]
[WhiteElo "1224"]
[BlackElo "1686"]

1.e4 d6 2.d4 e5 3.Nf3 exd4 4.Nxd4 Nf6 5.Nc3 Be7 6.Bc4 O-O 7.O-O c5
8.Nde2 Nc6 9.Bf4 Be6 10.Bxe6 fxe6 11.Re1 e5 12.Bg3 Nh5 13.Nd5 Bg5
14.f3 Ne7 15.c4 Ng6 16.Rf1 Nhf4 17.Nexf4 Nxf4 18.Nxf4 exf4 19.Be1 Qf6
20.Bc3 Qg6 21.Qd5+ Rf7 22.Rad1 Rd8 23.b4 b6 24.b5 h5 25.Kf2 Kh7 26.Ke2
Bf6 27.Bxf6 Rxf6 28.Rg1 Re8 29.Kd3 Re5 30.Qb7 Rf7 31.Qa6? d5 32.cxd5
Rxd5+ 33.Kc3 Rxd1 34.Rxd1 Qxg2 35.Rd3 Qf1 36.Qa4 Rc7 37.Qd1 Qg2 38.Rd2
Qg6 39.Qe2 Re7 40.e5 Qf5 41.Rd5 g5 42.Kc4 Qe6 43.Qe4+ Kg7 44.Kc3 Qg6
45.Qe2 Qf5 46.Kc4 g4 47.Qg2 Rxe5 48.Qb2 Kf6 49.Rxe5 Qxe5 50.Qd2 Qe6+
51.Kc3 Qe3+ 52.Qd3 gxf3 53.a4 f2 0-1

[Event "Finland Team Ch 2013-2014"]
[Site "Espoo FIN"]
[Date "2013.11.02"]
[Round "3"]
[White "Raivio, Pertti"]
[Black "Heikkinen, Jyrki"]
[Result "1-0"]
[Section "II Division:2"]
[Board "2"]
[WhiteTeam "Espoon Shakkikerho 2"]
[BlackTeam "Lauttasaaren Shakkikerho"]
[WhiteElo "1856"]
[BlackElo "2073"]

1.e4 d5 2.exd5 Nf6 3.Nc3 Nxd5 4.Nxd5 Qxd5 5.Nf3 Bg4 6.Be2 e6 7.O-O Nc6
8.c3 O-O-O 9.Qa4 h5 10.d4 h4 11.h3 Bh5 12.Re1 Be7 13.b4 g5? (13...a6)
14.b5 Nb8 15.Ne5 Bxe2 16.Rxe2 g4 17.Nxg4 Rdg8 18.Re5 Qd6 19.Bf4 Qb6??
(19...Qa3) 20.Ne3 Qd6 21.Nc4 Qd7 22.Qxa7 Bd6 (22...f6?? 23.Nb6+ {+-})
23.Na5 Bxe5 24.Qxb7+ Kd8 25.Bxe5 (25.Qxb8+?? Ke7 26.Nc6+ Qxc6 {+/=}) Qc8
26.Bxh8 Rxh8 27.Qxb8 Qxb8 28.Nc6+ Kd7 29.Nxb8+ Rxb8 30.a4 Kd6 31.c4 e5
32.dxe5+ Kc5 33.Rd1 Kxc4 34.Rd7 Kb4 35.Rxc7 Kxa4 36.Rxf7 Kxb5 37.Rh7
1-0

[Event "Finland Team Ch 2013-2014"]
[Site "Salo FIN"]
[Date "2013.11.02"]
[Round "3"]
[White "Arto Heimonen"]
[Black "Keijo Riekkinen"]
[Result "1-0"]
[Section "III Division:6"]
[Board "3"]
[WhiteTeam "Lauttasaaren Shakkikerho 2"]
[BlackTeam "Salon Shakkikerho 3"]
[WhiteElo "1712"]
[BlackElo "1709"]

1.e4 c6 2.d4 d5 3.Nc3 dxe4 4.Nxe4 Bf5 5.Ng3 Bg6 6.Nf3 Nf6 7.Bd3 Nbd7
8.O-O Qc7 9.Re1 e6 10.Ng5 Be7 11.f4 Bxd3 12.Qxd3 h6 13.Nf3 g6 14.Ne5
Nxe5 15.fxe5 Nd7 16.Rf1 h5 17.Qf3 Rh7 18.Ne4 c5 19.c3 O-O-O 20.b4 cxd4
21.cxd4 Nb6 22.Bg5 Kb8 23.Bxe7 Qxe7 24.Nd6 Rxd6 25.exd6 Qxd6 26.Rac1
Qxd4+ 27.Kh1 Nd5 28.Qg3+ e5 29.Qg5 f6 30.Qxg6 Rh8 31.Rfd1 Qb2 32.Qf7
Nb6 33.Qc7+ Ka8 34.Rd8+ Rxd8 35.Qxd8+ 1-0

[Event "Finland Team Ch 2013-2014"]
[Site "Helsinki FIN"]
[Date "2013.11.02"]
[Round "3"]
[White "Paasonen, Pasi"]
[Black "Westerlund, Svante"]
[Result "1/2-1/2"]
[Section "III Division:5"]
[Board "4"]
[WhiteTeam "Lauttasaaren Shakkikerho 3"]
[BlackTeam "Hangon Shakkiseura"]
[WhiteElo "1222"]
[BlackElo "1537"]

1.e4 c5 2.Nf3 e6 3.d4 cxd4 4.Nxd4 Nc6 5.Nxc6 bxc6 6.Nc3 Bb4 7.Bd2 Ne7
8.Bc4 O-O 9.a3 Bxc3 10.Bxc3 d5 11.exd5 exd5 12.Ba2 c5 13.b4 d4 14.Bb2
cxb4 15.axb4 Nf5 16.Qd3 Re8+ 17.Kd2 Qg5+ 18.Kd1 Qxg2 19.Re1 Rxe1+
20.Kxe1 Bd7 21.Bxd4 Re8+ 22.Kd2 Qg5+ 23.Kc3 Rc8+ 24.Kb2 Nxd4 25.Qxd4
Qf5 26.Bb1 1/2-1/2

[Event "Finland Team Ch 2013-2014"]
[Site "Helsinki FIN"]
[Date "2014.01.11"]
[Round "4"]
[White "Heikkinen, Jyrki"]
[Black "Miettinen, Teemu"]
[Result "1-0"]
[Section "II Division:2"]
[Board "2"]
[WhiteTeam "Lauttasaaren Shakkikerho"]
[BlackTeam "Shakkikerho Garde 2"]
[WhiteElo "2058"]
[BlackElo "1977"]

1.d4 d5 2.e4 dxe4 3.Nc3 Nf6 4.f3 exf3 5.Nxf3 Bg4 6.h3 Bxf3 7.Qxf3 c6
8.Be3 e6 9.Bd3 Be7 10.O-O O-O 11.g4 Nd5 12.Qe4 g6 13.Bh6 Re8 14.Qf3
(14.Rxf7!? Kxf7 15.Rf1+ Nf6 (15...Kg8?? 16.Qxe6+ Kh8 17.Bg7+ {+-}) 16.g5
Nd7 17.gxf6 Bxf6) f5 (14...f6) 15.gxf5 exf5 16.Bc4 (16.Bxf5! Bf6
(16...gxf5?? 17.Qg3+ Kf7 18.Rxf5+ Ke6 19.Re1+ Kd7 20.Nxd5 {+-}) 17.Bg4
Bxd4+ 18.Kg2 {+/-}) Kh8 17.Nxd5 cxd5 18.Qxd5 Nc6 19.c3 Bf6 20.Rae1 Rxe1
21.Rxe1? (21.Qxd8+) Qc7? (21...Bxd4+! 22.cxd4 Qh4 23.Bd2 Rd8 {=}) 22.Kg2
Bh4? 23.Re3 Bf6 24.Qe6 Qd8 (24...Qe7 25.Ba6!) 25.Qf7 f4 26.Re8+ 1-0

[Event "Finland Team Ch 2013-2014"]
[Site "Helsinki FIN"]
[Date "2014.01.11"]
[Round "4"]
[White "Vesely, Petr"]
[Black "Koskinen, Erkki"]
[Result "1-0"]
[Section "II Division:2"]
[Board "4"]
[WhiteTeam "Lauttasaaren Shakkikerho"]
[BlackTeam "Shakkikerho Garde 2"]
[WhiteElo "1990"]
[BlackElo "1957"]

1.c4 e5 2.Nc3 Nf6 3.g3 Nc6 4.Bg2 Bb4 5.Nd5 Nxd5 6.Bxd5 d6 7.a3 Bc5
8.e3 O-O 9.b4 Bb6 10.Bb2 Qe7 11.h4 Kh8 12.h5 h6 13.Ne2 Bg4 14.Rh4 Bxe2
(14...Qg5) 15.Qxe2 Rae8 16.Qf3 Qd7 17.Bxc6 bxc6 18.d4 exd4 19.Bxd4 c5
(19...Bxd4 20.Rxd4 Re5) 20.bxc5 dxc5 21.Bc3 Qd3 22.Rc1 f5 23.Qe2
(23.Qd5 Qxd5 24.cxd5 Re4 25.a4 a5 26.Ke2 Rd8 27.Rd1) Qd6 24.Rd1 Qe6
25.Qd3 Rd8 26.Qxd8 Rxd8 27.Rxd8+ Kh7 28.Rf4 c6 29.Rf8 Bc7 30.R4xf5
Bxg3 (30...Qxc4 31.Kd2 Qa2+ 32.Kd1 Qb3+ 33.Kd2 Qa2+ 34.Kd1 Qb3+
35.Kd2) 31.Bd2 (31.Kd2 Bxf2 32.Rxf2) Bh4 32.Rf4 Bf6 (32...Bg5 33.Rf3
(33.R4f7 Be7) (33.R4f5 Bf6 34.R8xf6 gxf6 35.Rxc5) Bf6 34.Rf4 (34.Ra8
Qe4 35.Rf4 Qh1+ 36.Ke2 Qxh5+) Qh3 35.Rf7 Qh1+ 36.Ke2 Qxh5+) 33.Ba5 Qd6
34.Rf7 Kg8 35.Rxa7 Qd3 36.Bd2 Bc3 37.Bxc3 Qxc3+ 38.Kf1 Qd3+ 39.Kg2 Qe2
40.Ra8+ Kh7 41.Rh4 Qb2 42.Ra7 Qe5 (42...Qb8 43.Rf7) 43.Rg4 Qxh5 1-0

[Event "Finland Team Ch 2013-2014"]
[Site "Helsinki FIN"]
[Date "2014.01.11"]
[Round "4"]
[White "Ahokas, Eero"]
[Black "Heimonen, Arto"]
[Result "1-0"]
[Section "III Division:5"]
[Board "3"]
[WhiteTeam "Kirkkonummen Shakkikerho"]
[BlackTeam "Lauttasaaren Shakkikerho 3"]
[WhiteElo "1702"]
[BlackElo "1732"]

1.d4 Nf6 2.Nf3 e6 3.Bg5 Be7 4.e3 b6 5.Bd3 Bb7 6.O-O d6 7.Nbd2 d5 8.Ne5
Ne4 9.Bxe7 Qxe7 10.f4 O-O 11.Ndf3 f6 12.Ng4 Nd7 13.Qe2 c5 14.c3 Qf7
15.Rae1 Qg6 16.Nh4 Qh5 17.g3 Qf7 18.Rd1 Rfe8 19.Bxe4 dxe4 20.f5 e5
21.b3 exd4 22.cxd4 a5 23.Qb2 Ba6 24.Rfe1 Kh8 25.h3 Rac8 26.Rc1 Rcd8
27.Rcd1 Bb7 28.Kh2 Bd5 29.Rd2 cxd4 30.exd4 h5 31.Ng6+ Kh7 32.Ne3 Ba8
33.Qb1 Nc5 34.Qd1 Kh6 35.dxc5 Rd3 36.Nf4 Rxd2+ 37.Qxd2 Qe7 38.Qe2 Qxc5
1-0